| 000 | 00845nam a22002177a 4500 | ||
|---|---|---|---|
| 003 | dpl | ||
| 005 | 20240221162247.0 | ||
| 008 | 240220b |||||||| |||| 00| 0 eng d | ||
| 010 | _aHIN-126926 | ||
| 020 |
_a9788195953837 _c200.00 |
||
| 035 | _aHN-99272 | ||
| 037 | _bDBAD/PUB | ||
| 040 | _c0 | ||
| 082 | _a820.08 | ||
| 100 |
_aअमिता प्रकाश _962287 |
||
| 245 |
_aआवाज रोशनी है/ _cअमिता प्रकाश |
||
| 260 |
_aदेहरादून _bकाव्यांश प्रकाशन _c2023 |
||
| 270 |
_aवशिष्ठ सदन , 72 रेलवे रोड ऋषीकेश (देहरादून) _bदेहरादून-249201 |
||
| 300 |
_a136पृष्ठ; _c22cm (अजिल्द) |
||
| 942 |
_2ddc _cHN _h820.08 _mअमिता |
||
| 999 |
_c200936 _d200936 |
||